000 00732nam a2200265Ia 4500
003 OSt
005 20220918171217.0
006 a|||||r|||| 00| 0
007 ta
008 220917b |||||||| |||| 00| 0 eng d
020 _a9781412903059 (pb)
024 _a231,318
037 _cTextual
040 _aARTS
_cARTS
_beng
041 _2eng
_aeng
082 _aR39(S), P6
100 _aSpinelli Ernesto
_934793
245 0 _aInterpreted world
_b an introduction to phenomenological psychology
260 _aLondon
_bSage Publications UK
_c2006
300 _axiv,238p.
_ccm.
500 _a2nd edition
650 _aPHILOSOPHY
942 _hR39(S), P6
_cTEXL
_2CC
999 _c138348
_d138348